Historia de la arquitectura occidental / (Record no. 11932)

MARC details
000 -LEADER
campo de control de longitud fija 01052nam a2200229 i 4500
001 - NÚMERO DE CONTROL
campo de control 11932
003 - IDENTIFICADOR DE NÚMERO DE CONTROL
campo de control ES-MaACL
005 - FECHA Y HORA DE LA ÚLTIMA TRANSACCIÓN
campo de control 20240229195308.0
007 - CAMPO FIJO DE DESCRIPCIÓN FÍSICA--INFORMACIÓN GENERAL
campo de control de longitud fija t|
008 - DATOS DE LONGITUD FIJA--INFORMACIÓN GENERAL
campo de control de longitud fija 970110m19741989sp ||||1| spa d
020 ## - NÚMERO INTERNACIONAL ESTÁNDAR DEL LIBRO
Número Internacional Estándar del Libro 84-237-0460-2
080 ## - NÚMERO DE LA CLASIFICACIÓN DECIMAL UNIVERSAL
Número de la Clasificación Decimal Universal 72(091)
100 1# - ENTRADA PRINCIPAL--NOMBRE DE PERSONA
Nombre de persona Chueca Goitia, Fernando,
Fechas asociadas al nombre 1911-2004
9 (RLIN) 38688
245 10 - MENCIÓN DEL TÍTULO
Título Historia de la arquitectura occidental /
Mención de responsabilidad, etc. Fernando Chueca Goitia.
260 ## - PUBLICACIÓN, DISTRIBUCIÓN, ETC.
Lugar de publicación, distribución, etc. Madrid :
Nombre del editor, distribuidor, etc. Dossat,
Fecha de publicación, distribución, etc. 1974-1989.
300 ## - DESCRIPCIÓN FÍSICA
Extensión 12 v. :
Otras características físicas il. ;
Dimensiones 18 cm.
504 ## - NOTA DE BIBLIOGRAFÍA, ETC.
Nota de bibliografía, etc. Bibliografía.
505 8# - NOTA DE CONTENIDO CON FORMATO
Nota de contenido con formato Contiene: 1. De Grecia al Islam -- 2. Prerrománico y románico en Europa -- 3. Gótico en Europa -- 4. Edad Media cristiana en España -- 5. Renacimiento -- 6. Barroco en Europa -- 7. Barroco en España -- 8. Barroco en Hispanoamérica, Portugal y Brasil -- 9. Neoclasicismo -- 10. Eclecticismo -- 11. El siglo XX: de la Revolución Industrial al racionalismo -- 12. El siglo XX: las fases finales y España.
650 #4 - PUNTO DE ACCESO ADICIONAL DE MATERIA--TÉRMINO DE MATERIA
Término de materia o nombre geográfico como elemento de entrada Arquitectura-
Subdivisión de forma Historia
9 (RLIN) 9995
852 ## - LOCALIZACIÓN
Ubicación ES-MaACL
Número de control de estantería P-412
Holdings
Estatus retirado Estado de pérdida Estado de daño No para préstamo Biblioteca de origen Biblioteca actual Ubicación en estantería Fecha de adquisición Fuente de adquisición Total de préstamos Signatura topográfica completa Código de barras Visto por última vez Precio de reemplazo Tipo de ítem Koha
        Biblioteca del Ateneo de Madrid Biblioteca del Ateneo de Madrid Depósito 2 17/01/2008     P-412 1012159 23/02/2023 23/02/2023 Libro impreso